000 00856nam a2200217 a 4500
001 BRCA_1324
005 20190320203357.0
008 950419s1994 mx-a---##b---#000-0#spa-#z9686540416
040 _aDLC
_cDLC
050 4 _aML1015
_b.O44 1994
100 1 _aOlguín, Enriqueta M.
_94336
245 1 0 _aHacer guitarritas
_cEnriqueta M. Olguín.
260 _aPachuca, Hgo., México
_bCentro de Investigaciones y Estudios sobre el Estado de Hidalgo, Coordinación de Investigación y Posgrado, Universidad Autónoma del Estado de Hidalgo
_c1994
300 _a55 p.
_bil.
_c23 cm.
440 0 _aColección, Sociedad y Pensamiento
_94337
500 _aIncluye cartografía, hemerografía y videografía
504 _aBibliografía: p. 35-40
650 1 4 _aGuitarra
_xHistoria
_zMéxico
_94338
650 1 4 _aFabricantes de guitarras
_zMéxico
_94339
942 _2lcc
_cB
999 _c1188
_d1188